Catálogo
Digital

Catálogo
Digital

How spanish speaking tourist guides can work with english speaking tourists (Record no. 13549)

MARC details
000 -CABECERA
campo de control de longitud fija 01434nam a2200337 4500
003 - IDENTIFICADOR DEL NÚMERO DE CONTROL
campo de control EC-UNACH
005 - FECHA Y HORA DE LA ÚLTIMA TRANSACCIÓN
campo de control 20250424121642.0
006 - CÓDIGOS DE INFORMACIÓN DE LONGITUD FIJA--CARACTERÍSTICAS DEL MATERIAL ADICIONAL
campo de control de longitud fija s||||gr|||| 00| 00
008 - DATOS DE LONGITUD FIJA--INFORMACIÓN GENERAL
campo de control de longitud fija 150116t9999 mx r gr 000 0 spa d
020 ## - NÚMERO INTERNACIONAL ESTÁNDAR DEL LIBRO
Número Internacional Estándar del Libro 978-9942-661-57-9
040 ## - FUENTE DE LA CATALOGACIÓN
Centro catalogador/agencia de origen EC-UNACH
Centro/agencia transcriptor EC-UNACH
041 ## - CÓDIGO DE LENGUA
Código de lengua del texto/banda sonora o título independiente English
082 04 - NÚMERO DE LA CLASIFICACIÓN DECIMAL DEWEY
Número de edición 23
Número de clasificación 428.34
Número de documento/Ítem L017701
100 ## - ENTRADA PRINCIPAL--NOMBRE DE PERSONA
Nombre de persona Ribadeneira Vacacela, Andrea Sofía / Herrera Chávez, Renato Hernán
245 ## - MENCIÓN DE TÍTULO
Título How spanish speaking tourist guides can work with english speaking tourists
250 ## - MENCIÓN DE EDICIÓN
Mención de edición First Edition
264 ## - Producción, publicación, distribución, fabricación y copyright
Lugar de producción, publicación, distribución, fabricación Riobamba - Ecuador
Nombre del de productor, editor, distribuidor, fabricante Editorial UNACH
Fecha de de producción, publicación, distribución, fabricación o copyright 2024
264 ## - Producción, publicación, distribución, fabricación y copyright
Lugar de producción, publicación, distribución, fabricación Producción UNACH
300 ## - DESCRIPCIÓN FÍSICA
Extensión 108 páginas
Otras características físicas Figure
501 ## - NOTA DE "CON"
Nota de “Con” Table of contents, Glossary of tourism terms.
505 ## - NOTA DE CONTENIDO CON FORMATO
Nota de contenido con formato Chapter one. Being a Spanish Speaking Tourist Guide -- Chapter Two. Tourist Guide Training and The Importance of Using English with English Speaking Tourists -- Chapter Three. Simple Ways to Learn Basic English -- Chapter four. Simple Tests of English Skills.
650 ## - PUNTO DE ACCESO ADICIONAL DE MATERIA--TÉRMINO DE MATERIA
Término de materia o nombre geográfico como elemento inicial TOURIST GUIDE
650 ## - PUNTO DE ACCESO ADICIONAL DE MATERIA--TÉRMINO DE MATERIA
Término de materia o nombre geográfico como elemento inicial TOURIST ATTACTION
650 ## - PUNTO DE ACCESO ADICIONAL DE MATERIA--TÉRMINO DE MATERIA
Término de materia o nombre geográfico como elemento inicial LEARN BASIC ENGLISH
650 ## - PUNTO DE ACCESO ADICIONAL DE MATERIA--TÉRMINO DE MATERIA
Término de materia o nombre geográfico como elemento inicial LESSON PLAN
856 ## - LOCALIZACIÓN Y ACCESO ELECTRÓNICOS
Identificador Uniforme del Recurso <a href="https://doi.org/10.37135/u.editorial.05.145">https://doi.org/10.37135/u.editorial.05.145</a>
Texto de enlace Libro Digital - How spanish speaking tourist guides can work with english speaking tourists
942 ## - ELEMENTOS DE PUNTO DE ACCESO ADICIONAL (KOHA)
Fuente del sistema de clasificación o colocación Clasificación Decimal Dewey
Tipo de ítem Koha Libro electrónico
999 ## - NÚMEROS DE CONTROL DE SISTEMA (KOHA)
Koha biblionumber 13549
Holdings
Estado de pérdida Fuente del sistema de clasificación o colocación Estado dañado No para préstamo Localización permanente Ubicación/localización actual Ubicación en estantería Fecha de adquisición Fuente de adquisición Total de préstamos Signatura topográfica completa Código de barras Fecha visto por última vez Número de copia Precio válido a partir de Tipo de ítem Koha Centro de costos
  Clasificación Decimal Dewey     Biblioteca Campus Norte Biblioteca Campus Norte Turismo 24/04/2025 Producción Científica UNACH   428.34 RIB L017701 L017701 24/04/2025 Ej: 01 24/04/2025 Libro electrónico  

Powered by Koha